000 00831nam a2200241 a 4500
005 20191224041534.0
008 140221t1997 ck a gr|||| 00| 0 spa d
040 _aCO-BoIAVH
_cCO-BoIAVH
041 _aspa
044 _ack
082 4 _a592.17
_bS67s
110 2 _98242
_aSociedad Colombiana de Entomología
_bSociedad Colombiana de Entomología
245 1 _aSeminario invertebrados acuáticos y su utilización en estudios ambientales
_bmemorias
260 _aBogotá
_bSOCOLEN
_c1997
300 _a211 paginas.
_bilustraciones;
_c23 x 16 cm
650 4 _aInvertebrados acuáticos
_98243
650 4 _aMedio ambiente
_992195
650 4 _aBioindicadores
_94131
650 4 _aTaxonomía animal
_98245
650 4 _aMacroinvertebrados acuáticos
_948768
710 _a^aUniversidad Nacional de Colombia
_93951
942 _cLIBRO
_2ddc
999 _c566
_d566